| 000 | 00661nam a22001337a 4500 | ||
|---|---|---|---|
| 040 | _cRUA | ||
| 082 | _aAVM CHE 2008 B083 Or.1 | ||
| 100 | _aCHEA, SOKHON. | ||
| 245 | _aEffect of fresh sweet potato vine and mulbery leaves on growth performance of cross breed pigs fed basal diet of broken rice, ឥទ្ធិពលនៃដំឡូងជ្វា ស្លឹកមនស្រស់លើការលូតលាស់របស់ជ្រូកកូនកាត់ដោយផ្ដល់ចុងអង្ករជាចំណីគ្រឹះ | ||
| 260 |
_aPhnom Penh _bRUA _c2008 |
||
| 300 |
_a43p. _bill. _c29cm. |
||
| 856 | _uCHEA SOKHON | ||
| 942 | _cAVM | ||
| 999 |
_c2277 _d2277 |
||